000 00530nam a2200181Ia 4500
003 OSt
005 20200923112512.0
008 190216s9999||||xx |||||||||||||| ||und||
040 _coclc
082 _a581.9547
_bCOO/F
100 _aCooke, Theodore
_94856
245 0 _aThe Flora Of The Presidency Of Bombay /
_cTheodore Cooke
250 _a1st Ed.
260 _bBotanical Survey Of India,
_c1967.
_aCalcutta:
300 _a632p
650 _aBotany
942 _cBK
_2ddc
_h581.9547
_iCOO/F
_k581.9547
_mCOO/F
999 _c1345
_d1345